ARRUPE JESUIT UNIVERSITY

CORONAVIRUS -STOP THE SPREAD - CLEAN,DISINFECT,COVER

A critical and exegetical commentary on Isaiah 40-55 (Record no. 65965)

MARC details
000 -LEADER
fixed length control field 00674nam a2200241Ia 4500
003 - CONTROL NUMBER IDENTIFIER
control field 0100
008 - FIXED-LENGTH DATA ELEMENTS--GENERAL INFORMATION
fixed length control field 130303s9999 xx 000 0 und d
020 ## - INTERNATIONAL STANDARD BOOK NUMBER
International Standard Book Number 0567030725
040 ## - CATALOGING SOURCE
Transcribing agency ARRUPELIB
050 ## - LIBRARY OF CONGRESS CALL NUMBER
Classification number BS1515.3.G619
300 ## - PHYSICAL DESCRIPTION
Other physical details 23cm.
100 ## - MAIN ENTRY--PERSONAL NAME
Personal name Goldingay, John
245 #2 - TITLE STATEMENT
Title A critical and exegetical commentary on Isaiah 40-55
260 ## - PUBLICATION, DISTRIBUTION, ETC. (IMPRINT)
Place of publication, distribution, etc London
260 ## - PUBLICATION, DISTRIBUTION, ETC. (IMPRINT)
Name of publisher, distributor, etc T and T Clark
260 ## - PUBLICATION, DISTRIBUTION, ETC. (IMPRINT)
-- 2006
300 ## - PHYSICAL DESCRIPTION
Extent 381p.
440 ## - SERIES STATEMENT/ADDED ENTRY--TITLE
Title The International Critical Commentary on the Holy Scriptures of the Old and New Testaments
650 ## - SUBJECT ADDED ENTRY--TOPICAL TERM
Topical term following geographic name as entry element Catholic church--Infallibility
650 ## - SUBJECT ADDED ENTRY--TOPICAL TERM
Location of event Popes--Infallibility
700 ## - ADDED ENTRY--PERSONAL NAME
Personal name Payne, David
942 ## - ADDED ENTRY ELEMENTS (KOHA)
Source of classification or shelving scheme Library of Congress Classification
Koha issues (borrowed), all copies 1
Holdings
Withdrawn status Lost status Source of classification or shelving scheme Damaged status Not for loan Collection code Home library Current library Shelving location Date acquired Total Checkouts Full call number Barcode Date last seen Date checked out Copy number Price effective from Koha item type
    Library of Congress Classification     Main Collection ARRUPE LIBRARY ARRUPE LIBRARY   05/03/2013 1 BS1515.3.G619 46004003196 01/08/2016 20/02/2014 1 05/03/2013 Monograph ( Printed materials)

 

Arrupe Library. PO Box MP320 Mt Pleasant, Harare, Zimbabwe
263 242 745411|librarian@aju.ac.zw